000 00439nam a2200181Ia 4500
001 11035
005 20260306161916.0
008 260306t1981||||xx |||||||||||||| ||spa||
041 _aESP
082 _a985.001
_bG23
100 _aGarcía Calderón, Francisco
_eAUT
245 0 _aEl Perú contemporáneo
260 _c1981
300 _axxxvii, 383 páginas :
_c21 cm.
650 _aGEN
654 _aCHU
942 _cLIB
_dJUS
_fJUS
_2ddc
_n
999 _c11035
_d11035